Kežmarok : mapa mesta 1:10 000

Guardado en:
Detalles Bibliográficos
Formato: Mapa
Publicado: Harmanec, 2004 : Vojenský kartografický ústav
Etiquetas: Agregar Etiqueta
Sin Etiquetas, Sea el primero en etiquetar este registro!

MARC

LEADER 00000nem a22000003a 4500
001 stu92574
005 20141121191821.7
008 050125s--------------------------------d
020 |a 8080424063 
040 |a STU  |b slo 
041 0
245 |a Kežmarok :  |b mapa mesta 1:10 000 
260 |a Harmanec, 2004 :  |b Vojenský kartografický ústav 
996 |b 284AU02961  |c A*4141 U  |l AAKNAR  |s A  |a 24  |w stu92574_0001